[Event "Hoogovens"]
[Site "Wijk aan Zee 41"]
[Date "1979.01.??"]
[Round "11"]
[White "Polugaevsky, Lev"]
[Black "Garcia, Gildardo"]
[Result "1-0"]
[WhiteElo "2625"]
[BlackElo "2490"]
[Annotator "JvR"]
[PlyCount "63"]
[EventDate "1979.??.??"]
[EventCountry "NED"]

1. d4 Nf6 2. c4 e6 3. Nf3 b6 4. g3 Ba6 5. b3 d5 6. Bg2 Bd6 7. O-O Nbd7 8. Bb2
Rc8 $5 (8... O-O {drew quickly in Gulko-Yudasin, Leon 1992.}) 9. cxd5 exd5 10.
Ne5 c6 11. Nd2 Qe7 $5 12. Re1 $1 {White takes the initiative in the centre.}
Bb4 $2 (12... O-O $1 13. e4 $1 {(Polugaevsky)} Nxe4 14. Nxe4 dxe4 15. Nxc6 $5
Rxc6 16. Bxe4 Rcc8 $1 17. Bxh7+ Kxh7 18. Rxe7 Bxe7 {brings equal chances.}) 13.
a3 Bxd2 14. Qxd2 O-O 15. Qg5 Rfe8 16. b4 Nxe5 17. dxe5 Nd7 $5 18. Qxe7 Rxe7 19.
f4 f5 20. Rac1 Ree8 $2 (20... Bb7 $1 21. Bh3 Rf8 {tries to create a fortress.})
21. Bh3 $1 Rf8 (21... g6 22. e4 $1 dxe4 23. g4 $1) 22. g4 $1 fxg4 23. Bxg4 Nb8
$5 {Otherwise Black faces a positional loss.} 24. Be6+ Kh8 25. Bxc8 Bxc8 26. e4
dxe4 27. Rxe4 Be6 28. Rd4 Kg8 29. Rcd1 Bd5 30. b5 Bf3 31. R1d3 Be2 32. Rd2 {
Polugaevsky had won the event by a score of 71/2/11, one point before the pack.
} 1-0

[Event "Hoogovens"]
[Site "Wijk aan Zee 42"]
[Date "1980.01.??"]
[Round "2"]
[White "Seirawan, Yasser"]
[Black "Kortschnoj, Viktor"]
[Result "1-0"]
[WhiteElo "2280"]
[BlackElo "2280"]
[Annotator "JvR"]
[PlyCount "77"]
[EventDate "1980.??.??"]
[EventCountry "NED"]

{WIJK AAN ZEE 1980  Kortschnoj played so no Soviets took part, like in 1978.} 
1. c4 Nf6 2. Nc3 e6 3. e4 d5 4. e5 d4 5. exf6 dxc3 6. bxc3 Qxf6 7. d4 c5 8. Nf3
h6 9. Bd3 cxd4 10. cxd4 Bb4+ 11. Kf1 $5 (11. Bd2 Bxd2+ 12. Qxd2 {was played in
Opo enský - Duchamp, Folkestone 1933.}) 11... Nc6 12. Bb2 Bc5 $5 13. Bc2 O-O
14. Qd3 Rd8 $1 15. Rd1 $1 Kf8 16. Qe4 Bd6 17. h4 $1 Qf5 $5 18. Qe2 $5 {The
exchange of queens gains a plus.} Qa5 19. Bb3 Ne7 20. h5 b6 21. Qe4 Ba6 22. d5
$1 {But Seirawan wants the initiative in the middle game.} exd5 23. Qh7 f6 $1
24. Kg1 $1 Bxc4 $2 {Kortschnoj succumbs under the pressure.} (24... dxc4 $1 25.
Bc2 $1 {(White intends 26. Bxf6 gxf6 27. Bg6 [Van der Sterren])} Bc5 $1 26. Ra1
Ng8 27. Nh4 Qd2 28. Ng6+ Kf7 29. Nh8+ {leads to a perpetual.}) 25. Rh4 $1 Bxb3
26. axb3 Kf7 ({Or} 26... Qa2 27. Rg4 $1 Qxb2 28. Rxg7 Ke8 29. Re1 Kd7 30.
Rexe7+ Bxe7 31. Rxe7+ Kd6 32. Rc7 $1 {(Van der Sterren).}) 27. Rg4 Rg8 28. Re1
$1 {He threatens 29. Bxf6! Kxf6 30. Rg6+!} d4 29. Rxd4 Be5 30. Rd7 Qxe1+ 31.
Nxe1 Bxb2 32. Nd3 Ba3 33. Nf4 Rgd8 34. Qg6+ Kg8 35. Qd3 Rxd7 36. Qxd7 Rc8 37.
Kh2 Kf7 38. Ng6 Ra8 $2 39. Nxe7 {Young Seirawan became the great man.} 1-0

[Event "Hoogovens"]
[Site "Wijk aan Zee 42"]
[Date "1980.01.??"]
[Round "7"]
[White "Kovacevic, Vlatko"]
[Black "Browne, Walter"]
[Result "0-1"]
[WhiteElo "2510"]
[BlackElo "2540"]
[Annotator "JvR"]
[PlyCount "75"]
[EventDate "1980.??.??"]
[EventCountry "NED"]

1. d4 Nf6 2. Nf3 e6 3. Bf4 b6 4. e3 Bb7 5. Nbd2 Be7 6. h3 O-O 7. Bd3 d5 8. Ne5
Nbd7 9. Qf3 c5 10. h4 cxd4 11. exd4 Nxe5 12. dxe5 Nd7 13. Bxh7+ $2 ({Correct is
} 13. Qh5 f5 14. Nf3) 13... Kxh7 14. Qh5+ Kg8 15. Nf3 f6 (15... Qc7 16. Ng5
Qxc2 {will do as well.}) 16. Ng5 fxg5 17. hxg5 {White has a serious threat.}
Bb4+ $1 ({Not} 17... Rxf4 $4 18. Qh8+ Kf7 19. g6+ $1 Kxg6 20. Qh5#) 18. c3 Rxf4
19. Qh8+ Kf7 20. g6+ Ke7 21. Qxg7+ Ke8 22. Qh8+ Rf8 $1 (22... Nf8 $2 23. g7 Qc7
24. O-O Rh4 25. Qxh4 Qxg7 {brings no win.}) 23. g7 Qg5 24. cxb4 Qxg2 25. O-O-O
Qg6 26. b3 $5 Qg5+ 27. Kb2 Qxe5+ 28. Ka3 Rxh8 29. gxh8=Q+ Qxh8 30. Rxh8+ Ke7
31. Rxa8 Bxa8 32. b5 e5 33. Rh1 d4 34. Rh7+ Ke6 35. Kb4 Bf3 36. a4 Nf6 37. Rxa7
Nd5+ 38. Kc4 {Black delivers mate in one.   Browne became the main competitor.}
0-1

[Event "Hoogovens"]
[Site "Wijk aan Zee 42"]
[Date "1980.01.??"]
[Round "9"]
[White "Kovacevic, Vlatko"]
[Black "Seirawan, Yasser"]
[Result "0-1"]
[WhiteElo "2510"]
[BlackElo "2510"]
[Annotator "JvR"]
[PlyCount "66"]
[EventDate "1980.??.??"]
[EventCountry "NED"]

1. e4 d6 2. d4 Nf6 3. Nc3 g6 4. Be2 Bg7 5. g4 c6 6. g5 Nfd7 7. h4 b5 8. h5 $5 {
Kovacevic takes the initiative.} Rg8 9. hxg6 $5 (9. h6 $1 Bh8 10. a3 {gains a
plus.}) 9... hxg6 10. Nf3 b4 $1 11. Nb1 a5 12. a4 $5 c5 13. d5 Nb6 14. c4 $5
Kd7 $1 {The ingenious development by Seirawan reminds of Petrosian.} 15. Nbd2
Rh8 $1 16. Rg1 $6 Kc7 17. Rb1 $6 {White spoils time twice. Black gets the time
to start an attack on the kingside.} Rh3 18. b3 Qh8 $1 19. Nf1 N8d7 20. Bf4 Ne5
21. Nxe5 $6 {White opens the centre for the black pieces.} (21. Ng3 $1 Nxf3+
22. Bxf3 Bc3+ 23. Bd2 {resists more firmly.}) 21... Bxe5 22. Bxe5 Qxe5 23. f3
Bd7 24. Qc2 Qd4 25. Rg2 Rh1 $6 26. Rf2 $6 ({He misses the opportunity} 26. Qb2
$1 {and an exchange of queens.}) 26... Qh8 $1 27. f4 Qh4 28. Rd1 f6 29. gxf6
exf6 30. e5 $5 fxe5 31. fxe5 Rf8 $1 32. exd6+ Kb7 $1 33. Bd3 Re8+ {Seirawan
played a subtle game.} 0-1

[Event "Hoogovens"]
[Site "Wijk aan Zee 42"]
[Date "1980.01.??"]
[Round "10"]
[White "Van der Wiel, John"]
[Black "Browne, Walter"]
[Result "0-1"]
[WhiteElo "2465"]
[BlackElo "2540"]
[Annotator "JvR"]
[PlyCount "106"]
[EventDate "1980.??.??"]
[EventCountry "NED"]

1. e4 c5 2. Nf3 d6 3. d4 cxd4 4. Nxd4 Nf6 5. Nc3 a6 6. f4 Nbd7 7. Be2 e5 8. Nb3
b5 9. Bf3 Bb7 10. Qe2 $5 Be7 11. a3 O-O 12. O-O Re8 13. Kh1 Rc8 14. f5 $5 d5 $1
15. exd5 e4 $1 {Browne liberates his position.} 16. Nxe4 Bxd5 17. Ned2 Qc7 18.
Bxd5 Nxd5 19. Qd3 N5f6 20. Nd4 Ne5 21. Qh3 Bc5 22. N2b3 Bxd4 $6 ({More active
is} 22... Bd6 23. Bg5 Ne4) 23. Nxd4 Qc4 24. Be3 Neg4 25. Bg1 Re4 26. Rad1 Qa2
27. Rb1 Qd5 28. c3 Rce8 29. Rbd1 h5 30. Ne2 Qb3 31. Ng3 Qxd1 $4 32. Rxd1 Re1 $1
{Black threatens 33. .. Nf2#.} 33. Rxe1 $4 (33. Rd2 $1 Rb1 34. Qh4 $1 Ree1 35.
Ne2 Ne4 36. Rd8+ Kh7 37. Qxh5+ Nh6 38. g4 $1 {wins.}) 33... Rxe1 34. Nf1 $1
Rxf1 35. Qh4 Ne4 36. g3 $1 Nef2+ 37. Kg2 Ne3+ 38. Kf3 Nfd1+ 39. Ke4 $1 Rxg1 40.
Qxh5 $4 {Probably time pressure raged.} ({John misses the draw by} 40. Qd8+ $1
Kh7 41. f6 $1 Re1 42. fxg7 Kxg7 43. Qg5+ Kf8 44. Qd8+ {and perpetual check.})
40... Rf1 41. Qg5 f6 $1 42. Qh5 Rxf5 {Hereafter, black pieces rule the board.}
43. Qe8+ Kh7 44. Qc8 Re5+ 45. Kf3 Nxb2 46. Qxa6 Nbc4 47. a4 Nd1 48. Qc8 Nd2+
49. Kg2 Ne3+ 50. Kf2 bxa4 51. Qa6 Nd1+ 52. Kg2 Nxc3 53. Qd3+ Nde4 0-1

[Event "Hoogovens"]
[Site "Wijk aan Zee 42"]
[Date "1980.01.??"]
[Round "11"]
[White "Sigurjonsson, Gudmundur"]
[Black "Kortschnoj, Viktor"]
[Result "0-1"]
[WhiteElo "2475"]
[BlackElo "2695"]
[Annotator "JvR"]
[PlyCount "56"]
[EventDate "1980.??.??"]
[EventCountry "NED"]

1. e4 e6 2. d4 d5 3. Nd2 a6 4. Ngf3 c5 5. dxc5 Bxc5 6. Bd3 Nc6 7. a3 Nge7 8.
O-O O-O 9. b4 Ba7 10. Bb2 Ng6 11. c4 d4 $5 ({Known is} 11... dxc4) 12. e5 $1
Ncxe5 13. Nxe5 Nxe5 14. Bxh7+ Kxh7 15. Qh5+ Kg8 16. Qxe5 {White underestimates
a pawn sacrifice.} f6 17. Qe4 e5 18. f4 $2 {White underestimates a pawn
sacrifice.} (18. Rae1 $1 {prepares further action.}) 18... f5 $1 19. Qxe5 Re8
20. Qd5+ Qxd5 21. cxd5 Re2 22. Bc1 $5 (22. Rfd1 Bd7 23. a4 Rc8 24. Kh1 d3 {
also favours Black.}) 22... d3+ 23. Kh1 b5 $1 24. Nf3 Bb7 25. Rd1 Bxd5 26. Rxd3
Bxf3 27. gxf3 Re1+ 28. Kg2 Rg1+ {Seirawan and Browne prevailed by 10/13.
Kortschnoj scored 81/2 points.} (28... Rg1+ 29. Kh3 Kf7 $1 {mates quickly.})
0-1

[Event "Hoogovens"]
[Site "Wijk aan Zee 43"]
[Date "1981.01.??"]
[Round "3"]
[White "Unzicker, Wolfgang"]
[Black "Timman, Jan"]
[Result "0-1"]
[WhiteElo "2515"]
[BlackElo "2620"]
[Annotator "JvR"]
[PlyCount "94"]
[EventDate "1981.??.??"]
[EventCountry "NED"]

{WIJK AAN ZEE 1981  Adorjan had to withdraw from the event after three rounds.
} 1. d4 Nf6 2. c4 e6 3. Nc3 Bb4 4. e3 c5 5. Nf3 Nc6 6. Bd3 Bxc3+ 7. bxc3 d6 8.
e4 e5 9. d5 Ne7 10. Nh4 h6 11. f4 Ng6 12. Nxg6 fxg6 13. O-O O-O 14. f5 b5 15.
cxb5 c4 16. Bc2 gxf5 17. exf5 Qb6+ 18. Kh1 Qxb5 19. Ba4 $5 {White plays a new
move, but he keeps the inferior position.} Qa6 20. Bc6 Bb7 21. Bxb7 Qxb7 22.
Ba3 Rfd8 23. Qa4 Rac8 24. Rab1 $1 Qxd5 25. Rbd1 $2 {Unzicker counters in the
wrong manner.} ({Preferable is} 25. Qxa7 $1 Ra8 $1 26. Qb6 $1 Ne4 27. Rbd1 Qf7
28. Bxd6) 25... Qc6 26. Qxa7 Ra8 27. Qe7 d5 $1 {Black has a winning pawn
structure.} 28. Rfe1 Re8 29. Qd6 Qxd6 $5 30. Bxd6 d4 31. Bxe5 $5 d3 32. Bxf6
Rxe1+ 33. Rxe1 gxf6 {Black wins.} 34. Kg1 ({The pointe is} 34. Ra1 Ra3 $1)
34... Rxa2 35. Re8+ Kf7 36. Rd8 Rc2 37. Rd4 Rxc3 38. Kf2 Rc2+ 39. Ke3 Ke7 40.
g4 Re2+ 41. Kf3 Re1 42. Kf2 Rc1 $1 43. Ke3 Rc2 44. h4 Re2+ 45. Kf3 Re1 46. Kf2
Rc1 47. Ke3 Rc2 ({Timman wins by a zugzwang mechanism:} 47... Rc2 48. h5 $5
Re2+ 49. Kf3 Re1 50. Kf2 Rc1 $1 51. Ke3 Rc2 {and Black triumphs.}) 0-1

[Event "Hoogovens"]
[Site "Wijk aan Zee 43"]
[Date "1981.01.??"]
[Round "7"]
[White "Sosonko, Gennadi"]
[Black "Timman, Jan"]
[Result "1-0"]
[WhiteElo "2595"]
[BlackElo "2620"]
[Annotator "JvR"]
[PlyCount "83"]
[EventDate "1981.??.??"]
[EventCountry "NED"]

1. d4 Nf6 2. c4 g6 3. Nc3 d5 4. Nf3 Bg7 5. Qb3 dxc4 6. Qxc4 O-O 7. e4 Bg4 8.
Be3 Nfd7 9. Qb3 Nb6 10. Rd1 Nc6 11. d5 Ne5 12. Be2 Nxf3+ 13. gxf3 Bh5 14. Rg1
Qc8 15. Rg3 c6 $5 {Timman plays a sharp novelty.} 16. a4 Kh8 $5 ({My
preference has} 16... Be5 $1 17. a5 Nd7 {(Petrosian - Tseshkovsky, Yerevan
1984).}) 17. a5 Nd7 18. Qa3 Re8 19. a6 $1 Ne5 20. Bd4 f6 $5 21. axb7 Qxb7 22.
Bxe5 fxe5 23. dxc6 Qb6 $1 24. Ba6 $1 e6 25. Bb7 Rad8 26. Kf1 $1 Rd4 $1 27. Kg2
Bf8 $5 28. Qa6 {Sosonko offers a draw. Timman declines unwisely.} Qc5 $5 ({Or} 
28... Qxb2 29. Rxd4 $1 exd4 30. c7 Qxc3 (30... dxc3 31. Qc6 $1) 31. Bc6 $1 {
(Timman).}) 29. Rc1 Bh6 30. Rc2 Red8 31. Qb5 Rc4 32. Qxc5 $2 (32. Ba6 $1 Qxb5
33. Bxb5 {wins for White.}) 32... Rxc5 33. Re2 Rd4 34. Re1 Kg7 35. Ra1 a5 36.
Ne2 Rd2 37. Rc1 Rxc1 38. Nxc1 Rc2 $2 (38... Rxb2 $1 39. c7 Rc2 40. c8=Q Rxc8
41. Bxc8 Bxc1 42. Bxe6 Bf4 {draws.}) 39. Ne2 $1 Be3 $2 40. fxe3 Rxe2+ 41. Kh3
Rc2 42. Rg2 {Sosonko had won an important game and led the tournament.} 1-0

[Event "Hoogovens"]
[Site "Wijk aan Zee 43"]
[Date "1981.01.??"]
[Round "10"]
[White "Taimanov, Mark"]
[Black "Timman, Jan"]
[Result "0-1"]
[WhiteElo "2500"]
[BlackElo "2620"]
[Annotator "JvR"]
[PlyCount "82"]
[EventDate "1981.??.??"]
[EventCountry "NED"]

1. Nf3 Nf6 2. g3 d5 3. Bg2 c6 4. b3 Bg4 5. Bb2 e6 6. O-O Nbd7 7. d3 a5 8. a3
Bd6 9. Nbd2 O-O 10. c4 Re8 11. Qc2 e5 12. e4 $5 dxe4 13. Nxe4 Nxe4 14. dxe4 Bc5
15. Rfd1 Qf6 $1 16. h3 $6 (16. Rd3 $1 {(Timman) lifts the pressure.}) 16...
Bxf3 $1 17. Rxd7 Rad8 18. Rxd8 Rxd8 19. Bc3 ({Not} 19. Bxf3 $6 Qxf3 20. Bxe5
Rd3 $1) 19... Bd4 20. b4 axb4 21. axb4 h5 22. h4 Bxg2 23. Kxg2 Qe6 24. Qd3 g6
25. Be1 $5 Qf6 26. Rd1 Ra8 27. Qb3 Qe6 28. Bc3 Rd8 29. Bxd4 $6 exd4 $1 30. Qd3
b6 31. c5 bxc5 32. bxc5 Qe5 33. Rc1 Re8 34. f3 $1 Ra8 35. Qc4 $2 {Taimanov
should play the passive defence correctly.} (35. Rc2 $1 Ra1 36. Qd2 $1 {
consolidates.}) 35... Ra3 $1 36. Rd1 Rc3 $1 37. Qa4 $6 (37. Qxd4 $1 Rc2+ 38.
Kh3 Qe6+ 39. g4 hxg4+ 40. fxg4 Qa2 $1 {brings an energetic black attack on the
king (Timman).}) 37... d3 $1 38. Qxc6 Rxc5 $5 ({Even better is} 38... Rc1 $1
39. Rxc1 Qb2+) 39. Qa8+ ({Or} 39. Qb6 $1 Rc2+ 40. Kh3 Re2 $1 41. Rxd3 Qa1 42.
Qd8+ $1 Kh7 43. Rd1 Qa2 $1) 39... Kh7 $1 40. Qa6 Rc2+ 41. Kh3 Qb2 {Timman
ended the tournament by 51/2/6.} 0-1

[Event "Hoogovens"]
[Site "Wijk aan Zee 43"]
[Date "1981.01.??"]
[Round "13"]
[White "Taimanov, Mark"]
[Black "Browne, Walter"]
[Result "1-0"]
[WhiteElo "2500"]
[BlackElo "2555"]
[Annotator "JvR"]
[PlyCount "59"]
[EventDate "1981.??.??"]
[EventCountry "NED"]

1. d4 Nf6 2. c4 e6 3. Nc3 Bb4 {Taimanov plays his loved Nimzo Indian.} 4. e3 c5
5. Nf3 O-O 6. Bd3 d5 7. O-O cxd4 8. exd4 dxc4 9. Bxc4 b6 10. Bg5 Bb7 11. Rc1
Nbd7 12. Qe2 Rc8 13. Ne5 h6 $6 ({Preferable is} 13... Be7) 14. Nxd7 $1 (14. Bf4
$6 {drew quickly in Keres - Karpov, San Antonio 1972.}) 14... Qxd7 15. Bxf6
gxf6 16. Rfd1 $1 Qc6 17. Qg4+ Kh7 $2 ({Right is} 17... Kh8 $1 18. Bb5 Qc7) 18.
Nd5 $1 {The black defence is crushed.} f5 ({Or} 18... exd5 19. Bd3+ {(Taimanov)
.}) 19. Nf6+ Kh8 20. Qh3 Kg7 21. Nh5+ Kh8 22. Qg3 Rg8 23. Qe5+ f6 24. Qxf6+ Kh7
25. d5 $1 Qe8 26. Nf4 Bd6 27. dxe6 Rf8 28. Qh4 Qc6 29. Bf1 Qxc1 30. Rxd6 {
Timman caught up with Sosonko in the last round. They won by 8/12, one point
before Sveshnikov and Taimanov.   The master group was reinstalled. Van der
Wiel triumphed.} 1-0

[Event "Hoogovens"]
[Site "Wijk aan Zee 44"]
[Date "1982.01.??"]
[Round "3"]
[White "Nunn, John"]
[Black "Tal, Mihail"]
[Result "1-0"]
[WhiteElo "2590"]
[BlackElo "2605"]
[Annotator "JvR"]
[PlyCount "63"]
[EventDate "1982.??.??"]
[EventCountry "NED"]

{WIJK AAN ZEE 1982  The tournament was played after the death of Max Euwe, the
great Dutch champion. Favourites were Timman and Tal, but other grandmasters
took over their role.} 1. e4 c5 2. Nf3 e6 3. d4 cxd4 4. Nxd4 Nc6 5. Nc3 a6 6.
g3 Qc7 7. Bg2 Nf6 8. O-O h6 9. Nb3 Be7 10. a4 d6 11. f4 O-O $5 12. g4 Bd7 13.
h4 $5 b5 $6 ({My preference has} 13... Qb6+ 14. Kh1 e5) 14. g5 $1 Nh7 15. Be3
$6 ({More energetic is} 15. gxh6 b4 16. hxg7 Kxg7 17. Ne2) 15... b4 $1 16. Ne2
d5 $2 {Tal sacrifices a pawn.} ({Alright is} 16... hxg5 17. hxg5 e5 $1 {and
Black counters correctly.}) 17. exd5 exd5 18. Qxd5 Rac8 19. a5 Nb8 20. Ned4 Bg4
21. Rae1 Rfd8 22. Qe4 Re8 23. Bf2 Bd7 24. Qd5 Qd6 25. Nf5 Qxd5 26. Nxe7+ Rxe7
27. Bxd5 Rxe1 28. Rxe1 Rxc2 29. Re7 Bc6 30. Bxf7+ Kf8 31. Rc7 hxg5 32. Bc5+ {
Nunn started by 3/3.} 1-0

[Event "Hoogovens"]
[Site "Wijk aan Zee 44"]
[Date "1982.01.??"]
[Round "4"]
[White "Balashov, Yuri"]
[Black "Ree, Hans"]
[Result "1-0"]
[WhiteElo "2595"]
[BlackElo "2475"]
[Annotator "JvR"]
[PlyCount "57"]
[EventDate "1982.??.??"]
[EventCountry "NED"]

1. e4 c5 2. Nf3 e6 3. d4 cxd4 4. Nxd4 Nc6 5. Nc3 a6 6. Be2 d6 7. O-O Nf6 8. Be3
Be7 9. f4 O-O 10. a4 Qc7 11. Qe1 Nxd4 12. Bxd4 e5 13. Be3 exf4 14. Bxf4 Be6 15.
Qg3 Kh8 $6 {This novelty makes no improvement.} 16. e5 $5 Ne8 $6 ({Better is} 
16... dxe5 $1 17. Bxe5 Qc5+ 18. Kh1 Rad8 {(Balashov).}) 17. Bd3 dxe5 18. Bxe5
Bd6 19. Rae1 Bxe5 20. Rxe5 Nf6 $2 (20... Qb6+ $1 21. Kh1 Qxb2 $1 22. Rxe6 $1
Qxc3 {plays va banque.}) 21. Rxf6 $1 {White strikes decisively.} gxf6 22. Qh4
f5 23. Qf6+ Kg8 24. Bxf5 Bxf5 25. Rxf5 Rfd8 ({Or} 25... h6 26. Qxh6 f6 27. Nd5
Qg7 28. Nxf6+) 26. Rg5+ Kf8 27. Qg7+ Ke8 28. Re5+ Kd7 29. Qg4+ $1 {Balashov
began to win after three draws.} 1-0

[Event "Hoogovens"]
[Site "Wijk aan Zee 44"]
[Date "1982.01.??"]
[Round "8"]
[White "Chandler, Murray"]
[Black "Balashov, Yuri"]
[Result "0-1"]
[WhiteElo "2470"]
[BlackElo "2595"]
[Annotator "JvR"]
[PlyCount "88"]
[EventDate "1982.??.??"]
[EventCountry "NED"]

1. e4 e6 2. d4 d5 3. Nd2 Nc6 4. Ngf3 Nf6 5. e5 Nd7 6. Be2 f6 7. exf6 Qxf6 8.
Nf1 b6 $5 ({Theory is} 8... Bd6) 9. Ne3 Bb7 10. O-O Bd6 11. c3 h6 12. Bd2 Qf7
13. Qa4 a6 14. Rae1 Nf6 15. c4 O-O 16. cxd5 Nxd5 17. Nxd5 exd5 {Black has
liberated his crammed position.} 18. h3 $6 Rae8 19. Bd3 $6 Rxe1 20. Bxe1 b5 21.
Qd1 Bc8 22. Be2 Bf5 {D4 and h3 have become weaknesses.} 23. a3 Kh8 24. Bc3 Qf6
25. Re1 Be4 26. Kf1 $5 Nd8 $1 {The black pieces are joining in the attack.} 27.
Bb4 $2 (27. Bd3 $1 Qf5 28. Bb1 c6 29. Qc1 {checks the black advance.}) 27...
Bxb4 28. axb4 Ne6 29. Qd2 Nf4 30. Qe3 Qg6 $1 {The white kingside becomes
fatally weak.} 31. g4 Qf6 {Black has many threats.} 32. Ne5 Ng2 33. Qg3 Nxe1
34. Kxe1 ({Or} 34. Nd7 Qc6 $1 35. Nxf8 Qc1 $1 36. Qe3 Qb1 37. Qd2 Bg2+ 38. Kg1
Nf3+) 34... Qg5 35. Qe3 Qxe3 36. fxe3 g5 37. Nd7 Rf7 38. Nc5 Bg2 39. Nxa6 Bxh3
40. Nc5 c6 41. Nd3 Rf6 42. Ne5 Bg2 43. Bd3 Be4 44. Be2 Kg7 {Balashov and Nunn
competed for the first place.} 0-1

[Event "Hoogovens"]
[Site "Wijk aan Zee 44"]
[Date "1982.01.??"]
[Round "8"]
[White "Tal, Mihail"]
[Black "Sosonko, Gennadi"]
[Result "1-0"]
[WhiteElo "2605"]
[BlackElo "2580"]
[Annotator "JvR"]
[PlyCount "69"]
[EventDate "1982.??.??"]
[EventCountry "NED"]

1. e4 c5 2. Nf3 d6 3. d4 cxd4 4. Nxd4 Nf6 5. Nc3 Nc6 6. Bg5 e6 7. Qd2 Nxd4 8.
Qxd4 Bd7 9. O-O-O Qa5 10. Bd2 a6 11. Be2 Bc6 12. f3 $5 Qc7 $5 ({My preference
has} 12... Be7 13. g4 $5 Qe5 $1) 13. g4 $1 Be7 14. g5 Nh5 15. Qg1 b5 $1 16. f4
g6 $2 {Sosonko cannot play like Tal.} (16... Nxf4 $1 17. Bxf4 b4 18. Nd5 $1
exd5 19. exd5 Bb5 {nearly equalises.}) 17. a3 Ng7 18. h4 Rc8 19. Kb1 d5 $5 20.
exd5 exd5 $5 ({Tactical chances gives} 20... Bxd5 21. Nxd5 Qxc2+ 22. Ka2 exd5
23. Rc1 Qf5 24. Rxc8+ Qxc8 {(Khalifman), but} 25. Qd4 O-O 26. Bc3 $1 {wins for
White.}) 21. Bg4 O-O $5 22. Qd4 $5 Rcd8 $6 (22... Ne6 $1 23. Bxe6 fxe6 24. h5
$1 {brings a strong white attack.}) 23. h5 $1 gxh5 24. Bxh5 Qd6 25. Be2 Nf5 26.
Qd3 d4 ({Or} 26... Qg6 27. Bh5) 27. Qxf5 Qg6 28. Qxg6+ fxg6 29. Na2 Bxh1 30.
Rxh1 Bd6 31. Rf1 Kg7 32. Nc1 Rde8 33. Bd3 Be7 34. Nb3 Rd8 35. Re1 1-0

[Event "Hoogovens"]
[Site "Wijk aan Zee 44"]
[Date "1982.01.??"]
[Round "9"]
[White "Van der Wiel, John"]
[Black "Timman, Jan"]
[Result "1-0"]
[WhiteElo "2470"]
[BlackElo "2655"]
[Annotator "JvR"]
[PlyCount "55"]
[EventDate "1982.??.??"]
[EventCountry "NED"]

1. e4 c6 2. d4 d5 3. e5 Bf5 4. Nc3 e6 5. g4 {Van der Wiel plays his favourite
line.} Bg6 6. Nge2 c5 7. Be3 Nc6 8. dxc5 Nxe5 9. Nd4 a6 $5 10. f4 Nc4 $4 ({
Right is} 10... Nc6) 11. Bxc4 $1 dxc4 12. f5 $1 exf5 13. gxf5 {Black has to
lose a piece.} Qe7 14. Kd2 $1 O-O-O 15. fxg6 hxg6 16. Qg4+ f5 17. Qxg6 Qe5 18.
Raf1 Bxc5 19. Rxf5 Rxh2+ 20. Rxh2 Qxh2+ 21. Kc1 Qh1+ 22. Nd1 Bd6 23. Qe6+ Kb8
24. Rd5 Nf6 25. Rxd6 Re8 26. Qxc4 Ng4 27. Bf4 Ka8 28. Rxa6+ $1 {White delivers
mate in one.   Timman showed himself as a sour loser: He was watching the
other games, when his flag fell.} 1-0

[Event "Hoogovens"]
[Site "Wijk aan Zee 44"]
[Date "1982.01.??"]
[Round "12"]
[White "Nunn, John"]
[Black "Van der Wiel, John"]
[Result "1-0"]
[WhiteElo "2590"]
[BlackElo "2470"]
[Annotator "JvR"]
[PlyCount "121"]
[EventDate "1982.??.??"]
[EventCountry "NED"]

{When the penultimate round began, Van der Wiel, Nunn and Balashov led.} 1. e4
c5 2. Nf3 Nc6 3. d4 cxd4 4. Nxd4 Nf6 5. Nc3 d6 6. Bc4 e6 7. Be3 Be7 8. Qe2 a6
9. O-O-O Qc7 10. Bb3 Na5 11. g4 b5 12. g5 Nxb3+ 13. axb3 Nd7 14. h4 Bb7 15. f3
b4 16. Na4 Nc5 17. h5 Qa5 18. Kb1 Nxa4 19. bxa4 Qxa4 20. g6 Rc8 $2 21. h6 $1 {
Nunn delivers an excellent novelty.} (21. Qg2 $2 {drew in Platonov -
Polugaevsky, Kharkov 1967.}) 21... hxg6 22. hxg7 Rg8 23. Rh8 Kd7 24. Nb3 $5 ({
Even better is} 24. Qh2 $1 Kc7 25. Bf4 Qd7 26. e5 $1 dxe5 27. Bxe5+) 24... Kc7
25. Qc4+ Bc6 26. Qd4 Qb5 27. Qa7+ Bb7 28. Nd4 (28. Rd4 $1 Rxg7 29. Rxb4 $1 Qxb4
30. Bb6+ Qxb6 31. Rxc8+ Kxc8 32. Qxb6 {wins material.}) 28... Qa4 29. e5 $1
Rxh8 30. exd6+ Bxd6 31. gxh8=Q Rxh8 32. Nxe6+ fxe6 33. Qb6+ Kc8 34. Qxd6 Qc6
35. Qe5 $5 {White keeps the initiative.} Rd8 36. Rxd8+ Kxd8 37. Bg5+ Kd7 38.
Qg7+ Kd6 39. Qf8+ Kd5 40. Qxb4 e5 41. Qe4+ Kd6 42. Qxg6+ Kd5 43. Qf7+ Kd4 $5 ({
Or} 43... Kc5 {(Nunn)} 44. Qe7+ $1 Kb5 45. Be3 $1) 44. Qb3 e4 45. Be3+ Ke5 46.
f4+ Kf6 47. Qg8 Qd5 48. Bd4+ Ke7 49. Qg7+ Kd6 50. b3 Kc6 51. Be5 Qd7 52. Qh6+
Kd5 53. Qb6 Qc6 54. Qd8+ Ke6 55. Qf6+ Kd7 56. Qf7+ Kc8 57. Qg8+ Kd7 58. Qg7+
Ke6 59. Qg4+ Kf7 60. f5 Qh6 61. f6 {Van der Wiel still needed half-a-point for
a grandmaster score. A short draw against Hort brought the result. John took a
dive in the North Sea, although it was January.   Nunn and Balashov won by 81/
2/13, one point before Van der Wiel and Hort.} 1-0